00482nam a22001577a 450000500170000000800410001702000180005804100130007608200150008910000370010424500730014125000210021426000340023530000300026965000250029920231121065557.0231121b |||||||| |||| 00| 0 eng d a9780409116861 aEnglish  a343.4 PRA  aClegg, D and Kotze, C lEnglish  aLexisNexis Practical Guide to Tax in Namibia /cD Clegg and C Kotze  aSeventh Edition  aDurban : bLexisNexis, c2010 bxv, 199 pages ; c22 cm.  aLegal practice bLaw